书目信息 |
| 题名: |
发明家与发明
|
|
| 作者: | 刘秦 著 | |
| 分册: | ||
| 出版信息: | 北京 现代出版社 2017 |
|
| 页数: | 298页 | |
| 开本: | 21cm | |
| 丛书名: | ||
| 单 册: | ||
| 中图分类: | K816.1 | |
| 科图分类: | ||
| 主题词: | 发明家--fa ming jia--生平事迹--世界 , 创造发明--chuang zao fa ming--世界--普及读物 | |
| 电子资源: | ||
| ISBN: | 978-7-5143-5466-9 | |
| 000 | 00809nam0 22002411 450 | |
| 001 | 0118172258 | |
| 005 | 20170618172258.0 | |
| 010 | @a978-7-5143-5466-9@dCNY25.00 | |
| 100 | @a20170427d2017 em y0chiy50 ea | |
| 101 | 0 | @achi |
| 102 | @aCN@b110000 | |
| 105 | @ay z 000yd | |
| 106 | @ar | |
| 200 | 1 | @a发明家与发明@Afa ming jia yu fa ming@f刘秦著 |
| 210 | @a北京@c现代出版社@d2017 | |
| 215 | @a298页@d21cm | |
| 330 | @a本书收录了40余个发明家与发明的故事,包括《瓦特与蒸汽机》《富尔顿与轮船》《马可尼与无线电》《狄塞尔与柴油机》《乔布斯与苹果手机》等。 | |
| 606 | 0 | @a发明家@Afa ming jia@x生平事迹@y世界 |
| 606 | 0 | @a创造发明@Achuang zao fa ming@y世界@j普及读物 |
| 690 | @aK816.1@v5 | |
| 701 | 0 | @a刘秦@Aliu qin@f(1936-)@4著 |
| 801 | 0 | @aCN@bTANGWEI@c20170615 |
| 905 | @b1009161-6@dK816.1@e140@f6 | |
| 发明家与发明/刘秦著.-北京:现代出版社,2017 |
| 298页;21cm |
| ISBN 978-7-5143-5466-9:CNY25.00 |
| 本书收录了40余个发明家与发明的故事,包括《瓦特与蒸汽机》《富尔顿与轮船》《马可尼与无线电》《狄塞尔与柴油机》《乔布斯与苹果手机》等。 |
| ● |
| 相关链接 |
|
|
|
|
正题名:发明家与发明
索取号:K816.1/140
 
预约/预借
| 序号 | 登录号 | 条形码 | 馆藏地/架位号 | 状态 | 备注 |
| 1 | 1009161 | 210091611 | 第二样本阅览室/ [索取号:K816.1/140] | 在馆 | |
| 2 | 1009162 | 210091620 | 教育系资料室/ [索取号:K816.1/140] | 在馆 | |
| 3 | 1009163 | 210091639 | 教育系资料室/ [索取号:K816.1/140] | 在馆 | |
| 4 | 1009164 | 210091648 | 教育系资料室/ [索取号:K816.1/140] | 在馆 | |
| 5 | 1009165 | 210091657 | 第二借阅区/ [索取号:K816.1/140] | 在馆 | |
| 6 | 1009166 | 210091666 | 第二借阅区/ [索取号:K816.1/140] | 在馆 |